Wszystkie kluby z Premier League 21/22 - Statystyki

Ogólne statystyki
  • Ten quiz został rozwiązany 346 razy
  • Średni wynik to 13 z 20
Statystyki odpowiedzi
Odpowiedz % Poprawnych
Manchester City
96%
Manchester United
96%
Arsenal
91%
Liverpool
91%
Chelsea
88%
Tottenham
81%
West Ham
69%
Aston Villa
66%
Everton
61%
Brighton
60%
Leicester
56%
Newcastle
55%
Crystal Palace
51%
Leeds
51%
Southampton
50%
Burnley
47%
Wolverhampton
47%
Brentford
43%
Watford
38%
Norwich City
35%
Nie znaleziono quizów pasujących do podanych kryteriów
Rozkład punktacji
Procent ludzi z każdym wynikiem
Percentyl według liczby udzielonych odpowiedzi
Twoja historia wyników
Nie rozwiązałeś tego quizu